000 01545namaa22003251i 4500
005 20260302095057.0
008 260110s1995 ua a|||frm||| 000 0 eng d
040 _aEG-GICUC
_beng
_cEG-GICUC
_dEG-GICUC
_erda
041 0 _aeng
_beng
_bara
049 _aDeposit
097 _aM.Sc
099 _aCai01.11.19.M.Sc.1995.AL.R
100 0 _aAly Mohamed Abd-El-Megeed Mohamed,
_epreparation.
245 1 0 _aRole of mycoplasma hominis and ureaplasma urealyticum in patients with chronic prostatitis /
_cBy Aiy Mohamed Abd-El-Megeed Mohamed ; Supervised Prof. Dr. Abla Mostafa El-Mashad, Dr. Marii Abd-El-Aziz Marii, Dr. Aisha Mohamed Abd-Aitta.
246 1 5 _aدور النيكوبلازما هومينس واليوريا بالازما يورياليتكم فى مرضى التهابات البروستا المزمنة
264 0 _c1995
300 _a91 Leaves :
_billustrations ;
_c30 cm. +
336 _2rda content
_atext
337 _2rdamedia
_aUnmediated
338 _2rdacarrier
_avolume
502 _aThesis (M.Sc.)-Cairo University,1995.
504 _aBibliography: pages 69- 91
653 0 _amycoplasma hominis
_aureaplasma urealyticum
700 0 _aAbla Mostafa El-Mashad
_ethesis advisor.
700 0 _aMarii Abd-El-Aziz Marii
_ethesis advisor.
700 0 _aAisha Mohamed Abd-Aitta
_ethesis advisor.
900 _DDepartment of Microbiology
_FFaculty of Medicine
_UCairo University
_b1995
_cAbla Mostafa El-Mashad
_cMarii Abd-El-Aziz Marii
_cAisha Mohamed Abd-Aitta
905 _aNagat
_eNourhan
942 _2ddc
_cTH
_e21
_n0
999 _c177534